| 000 | 00478nam a22001697a 4500 | ||
|---|---|---|---|
| 005 | 20231205101343.0 | ||
| 008 | 231205b |||||||| |||| 00| 0 eng d | ||
| 020 | _a817314083-9 | ||
| 082 |
_a658.314 _bROB |
||
| 100 | _aGriffiths:David J | ||
| 245 |
_aMastering Motivation: _b60 minutes success skills series, _cGriffiths:David J |
||
| 260 |
_aIndia _bResearch Press _c2002 |
||
| 300 | _a63 | ||
| 500 | _a60 minutes success skills series | ||
| 650 | _aManagement | ||
| 999 |
_c34757 _d34757 |
||